Normal view
MARC view
Entry Personal Name
001 - CONTROL NUMBER
- control field: 81618
003 - CONTROL NUMBER IDENTIFIER
- control field: dpl
005 - DATE AND TIME OF LATEST TRANSACTION
- control field: 20250604105934.0
008 - FIXED-LENGTH DATA ELEMENTS
- fixed length control field: 250604|| aca||aabn | a|a d
040 ## - CATALOGING SOURCE
- Original cataloging agency: dpl
- Transcribing agency: dpl
100 ## - HEADING--PERSONAL NAME
- Personal name: Tagore, Rabindranath
670 ## - SOURCE DATA FOUND
- Source citation: Work cat.: (dpl)211552: Tagore, Rabindranath, Stories from Rabindranath Tagore's Galpaguchha:, 2015
